Observaciones sobre la esencia, la esencialidad y la idea
Furkejuvvon:
| Váldodahkki: | |
|---|---|
| Materiálatiipa: | Girji |
| Giella: | espánnjágiella |
| Almmustuhtton: |
Madrid
Encuentro
2004
|
| Ráidu: | Opuscula Philosphica, 14
|
| Fáttát: | |
| Fáddágilkorat: |
Lasit fáddágilkoriid
Eai fáddágilkorat, Lasit vuosttaš fáddágilkora!
|
MARC
| LEADER | 00000nam a2200000 a 4500 | ||
|---|---|---|---|
| 001 | UCI1915 | ||
| 003 | CL-VaPUC | ||
| 008 | 070727e20040000SP |||||||||||||||||spa|d | ||
| 020 | |a 8474907411 | ||
| 082 | 0 | 4 | |a 142.7 |b HER |2 21 |
| 100 | 0 | |a Héring, Jean |e author |9 522734 | |
| 245 | 1 | 0 | |a Observaciones sobre la esencia, la esencialidad y la idea |
| 300 | |a 100 p | ||
| 942 | |c BK | ||
| 945 | |d 20070727 00:00:00 |a rbrito | ||
| 260 | |a Madrid |b Encuentro |c 2004 | ||
| 650 | 0 | |a Fenomenología |9 256519 | |
| 583 | |a last modification |c 20070727 00:00:00 |k Rodrigo Vera | ||
| 490 | 0 | |a Opuscula Philosphica, 14 | |
| 999 | |c 326607 |d 326605 | ||
| 952 | |0 0 |1 0 |4 0 |6 142_700000000000000_HER_2004 |7 0 |8 A |9 408629 |a BIBEDU |b BIBEDU |d 2019-11-22 |i 4358325 |o 142.7 HER 2004 |p 4358325 |r 2019-11-22 |w 2019-11-22 |y BK |k FIL | ||